Integración en Centroamerica: cultural, social, política y económica /
El documento está dirigido a brindar un panorama general sobre la evolución y situación actual de la dimensión social de las principales políticas de integración que se impulsaron en Centroamérica desde sus orígenes. A partir de la dimensión social se aborda: la construcción histórica de la misma, e...
Kaydedildi:
| Yazar: | |
|---|---|
| Diğer Yazarlar: | , , |
| Materyal Türü: | Metin |
| Baskı/Yayın Bilgisi: |
Heredia:
Universidad Nacional. Facultad de Filosofía y Letras. IDELA
|
| Konular: | |
| Etiketler: |
Etiketle
Etiket eklenmemiş, İlk siz ekleyin!
|
MARC
| LEADER | 00000 a a2200000 04500 | ||
|---|---|---|---|
| 001 | 30945 | ||
| 003 | |||
| 040 | |||
| 020 | |a 9968-26-016-9 | ||
| 022 | |a 9968-26-016-9 | ||
| 090 | |a 194802 | ||
| 100 | |a Cuevas Molina, Rafael | ||
| 245 | |a Integración en Centroamerica: cultural, social, política y económica / |c Rafael Cuevas Molina | ||
| 260 | |a Heredia: |b Universidad Nacional. Facultad de Filosofía y Letras. IDELA | ||
| 300 | |a 179 p. | ||
| 520 | |a El documento está dirigido a brindar un panorama general sobre la evolución y situación actual de la dimensión social de las principales políticas de integración que se impulsaron en Centroamérica desde sus orígenes. A partir de la dimensión social se aborda: la construcción histórica de la misma, elementos conceptuales de las políticas sociales desde lo teórico metodológico y finalmente la situación del proceso integracional. Para concluir la autora expone los que serían retos y perspectivas de la integración centroamericana | ||
| 650 | |a INTEGRACION SOCIAL | ||
| 650 | |a CONDICIONES SOCIALES | ||
| 650 | |a HISTORIA SOCIAL | ||
| 650 | |a TEORIA SOCIAL | ||
| 650 | |a AMERICA CENTRAL | ||
| 700 | |a Camacho Rodríguez, Carmen | ||
| 700 | |a Alfaro Rodríguez, José Miguel | ||
| 700 | |a Delgado Rojas, Jaime | ||
| 999 | |c 15551 |d 15551 | ||



